| 000 | 00553nam a2200181 i 4500 | ||
|---|---|---|---|
| 001 | 47222 | ||
| 003 | ES-MaACL | ||
| 005 | 20250830060341.0 | ||
| 007 | t| | ||
| 008 | 030404s1973 sp ||||1| spa d | ||
| 245 | 0 | 0 |
_aConversión y reconciliación / _cRincón ... [et al.] ; [traducida por Andrés Ortiz Osés]. |
| 260 |
_aMadrid : _bEdiciones Paulinas, _c[1973] |
||
| 300 |
_a255 p. ; _c19 cm. |
||
| 700 | 1 |
_aRincon. _997252 |
|
| 700 | 1 |
_aOrtiz-Osés, Andrés, _d1943-2021 _987635 |
|
| 852 |
_aES-MaACL _jC-52864 _bR.86111 |
||
| 999 |
_c47222 _d47222 |
||